Daily Quiz #3 - Statistics

General Stats
  • This quiz has been taken 42 times
  • The average score is 4 of 5
Answer Stats
Hint Answer % Correct
Name either country the United States was at war with in the 21st century Iraq / Afghanistan
97%
What is the capital and biggest city of Japan? Tokyo
97%
What is the biggest city in Canada? Toronto
94%
Which president resigned due to pressure from the watergate scandal (where the democratic parties headquarters were wiretapped)? Richard Nixon
91%
Which team did Michael Jordan play for? Chicago Bulls
69%
No matching quizzes found
Score Distribution
Percent of People with Each Score
Percentile by Number Answered
Your Score History
You have not taken this quiz